Online
Catalog

Las grandes corrientes del pensamiento contemporaneo : (Record no. 35364)

MARC details
000 -CABECERA
campo de control de longitud fija 00495nam a2200145 a 4500
001 - NÚMERO DE CONTROL
campo de control 000035873
005 - FECHA Y HORA DE LA ÚLTIMA TRANSACCIÓN
campo de control 20200930074701.0
008 - DATOS DE LONGITUD FIJA--INFORMACIÓN GENERAL
campo de control de longitud fija 111115s19-- uu 000 spa d
040 ## - FUENTE DE LA CATALOGACIÓN
Centro catalogador/agencia de origen DO-SdBNP
Lengua de catalogación spa
Centro/agencia transcriptor BNPHU
082 ## - NÚMERO DE LA CLASIFICACIÓN DECIMAL DEWEY
Número de clasificación xxxx
Número de documento/Ítem G838g
100 1# - ENTRADA PRINCIPAL--NOMBRE DE PERSONA
Nombre de persona Grevillot, Jean Marie
9 (RLIN) 61862
245 14 - MENCIÓN DE TÍTULO
Título Las grandes corrientes del pensamiento contemporaneo :
Resto del título existencialismo-marxismo personalismo cristiano /
Mención de responsabilidad, etc. Jean Marie Grevillot.
260 ## - PUBLICACIÓN, DISTRIBUCIÓN, ETC.
Lugar de publicación, distribución, etc. [Paris] . :
Nombre del editor, distribuidor, etc. Zig-Zag,
Fecha de publicación, distribución, etc. [19--?].
300 ## - DESCRIPCIÓN FÍSICA
Extensión 314 p. ;
Dimensiones 21 cm.
Holdings
Estado de retiro Estado de pérdida Restricciones de uso No para préstamo Código de colección Localización permanente Ubicación/localización actual Ubicación en estantería Fecha de adquisición Número de inventario Total de préstamos Signatura topográfica completa Código de barras Fecha visto por última vez Precio válido a partir de Tipo de ítem Koha Nota pública
        Monografías: Libros y Folletos General General Orden iniciada 15.11.2011 LF1   xxxx G838g 35873-10 25.06.2020 25.06.2020 No se presta Perteneció a la biblioteca personal de Juan Isidro Jimenes -Grullón

Powered by Koha